| 000 | 00946cam a22003017a 4500 | ||
|---|---|---|---|
| 003 | CHAP | ||
| 005 | 20220817043351.0 | ||
| 008 | 971013s1976 r 00010 d | ||
| 010 | _a73312 | ||
| 011 | _a74284 | ||
| 035 | _a83843 | ||
| 040 | _cCHAP | ||
| 090 | _aFolleto 3439 | ||
| 100 | 0 | 0 |
_aGarcía Rollán, Mariano. _946546 |
| 245 | 0 | _aAnimales que viven bajo las piedras | |
| 260 |
_aMadrid : _bMinisterio de Agricultura, _c1976 |
||
| 300 |
_a16 p. _b: ilus. |
||
| 490 | 0 | _aMinisterio de Agricultura. Hojas divulgadoras | |
| 590 |
_aBATCH-UPD _b10 _c20130110 _lUCH01 _h1920 |
||
| 590 |
_aBATCH-UPD _b10 _c20130410 _lUCH01 _h1246 |
||
| 590 |
_aBATCH-UPD _b10 _c20130914 _lUCH01 _h1829 |
||
| 590 |
_aCONVERSION _b10 _c20130109 _lUCH01 _h1340 |
||
| 650 | 1 | 4 |
_aSuelos _xBiología. _9110219 |
| 830 | 0 | _aMinisterio de Agricultura. Hojas divulgadoras | |
| 901 | _aBK | ||
| 942 | _cFOLL | ||
| 949 |
_aFolleto 3439 _bBC _cFOLL _d-38688 _eTS1 _i83843 _mD _si |
||
| 999 |
_c73312 _d73312 |
||